[Event "TCh-FRA Top 16"]
[Site "Asnieres sur Seine FRA"]
[Date "2006.05.05"]
[Round "9"]
[White "Cochet,C"]
[Black "Wolfangel,F"]
[Result "1-0"]
[WhiteElo "2036"]
[BlackElo "1960"]
[EventDate "2006.03.03"]

1. e4 e6 2. d3 d5 3. Qe2 Nf6 4. Nd2 Nc6 5. c3 a5 6. g3 dxe4 7. Nxe4 Nxe4 8.
Qxe4 Qd5 9. Bg2 Qxe4+ 10. Bxe4 Bd6 11. Ne2 O-O 12. O-O e5 13. f4 Bg4 14.
Re1 Bc5+ 15. Kg2 f5 16. Bd5+ Kh8 17. Bxc6 bxc6 18. fxe5 Bxe2 19. Rxe2 Rfe8
20. d4 Be7 21. Bf4 Rad8 22. Rd1 Bc5 23. Bg5 Rd5 24. Rf1 Be7 25. Bxe7 Rxe7
26. Rxf5 g6 27. Rf4 c5 28. e6 cxd4 29. Rxd4 Rxd4 30. cxd4 c6 31. Re5 a4 32.
Kf3 Kg7 33. g4 Kf8 34. Kf4 h6 35. Re2 Kg7 36. Ke5 1-0

[Event "TCh-FRA Top 16"]
[Site "Asnieres sur Seine FRA"]
[Date "2006.05.05"]
[Round "9"]
[White "Milov,V"]
[Black "Lepelletier,B"]
[Result "1-0"]
[WhiteElo "2638"]
[BlackElo "2437"]
[EventDate "2006.03.03"]

1. d4 Nf6 2. c4 e6 3. Nc3 Bb4 4. Nf3 b6 5. Bg5 Bb7 6. Nd2 c5 7. d5 Bxc3 8.
bxc3 exd5 9. cxd5 Bxd5 10. e4 Be6 11. e5 h6 12. Bh4 g5 13. Bg3 Nd5 14. h4
gxh4 15. Rxh4 Nc6 16. Nc4 Qg5 17. Nd6+ Kf8 18. Ne4 Qg7 19. Bc4 Nce7 20. Qd2
h5 21. O-O-O Qh6 22. f4 Rd8 23. Bxd5 Nxd5 24. f5 Bxf5 25. Qxh6+ Rxh6 26.
Rxd5 Rg6 27. Rd3 Re8 28. Rf3 1-0

[Event "TCh-FRA Top 16"]
[Site "Asnieres sur Seine FRA"]
[Date "2006.05.05"]
[Round "9"]
[White "Calistri,T"]
[Black "Rowson,J"]
[Result "1/2-1/2"]
[WhiteElo "2382"]
[BlackElo "2599"]
[EventDate "2006.03.03"]

1. e4 e5 2. Nf3 Nc6 3. Bb5 a6 4. Ba4 Nf6 5. O-O Be7 6. Re1 b5 7. Bb3 d6 8.
c3 O-O 9. h3 Nb8 10. d4 Nbd7 11. Nbd2 Bb7 12. Bc2 Re8 13. Nf1 Bf8 14. Ng3
g6 15. a4 Bg7 16. Bd3 c6 17. Bg5 h6 18. Be3 Qe7 19. b4 Rad8 20. axb5 cxb5
21. d5 Ra8 22. Nd2 h5 23. c4 h4 24. Ngf1 bxc4 25. Nxc4 Nh5 26. Na5 Bc8 27.
Nc6 Qf6 28. Nh2 Nf4 29. Bf1 Qg5 30. Nf3 Qh5 31. Nd2 Qg5 32. Nf3 Qh5 33. Nd2
Qg5 34. Kh1 Bb7 35. Na5 Reb8 36. Rc1 Bc8 37. Nc6 Rb7 38. Nf3 Qf6 39. Ra1
Nb8 40. b5 Nxc6 41. dxc6 Rc7 42. Qa4 Nxh3 43. gxh3 Qxf3+ 44. Bg2 Qf6 45. b6
Re7 46. b7 Bxb7 47. cxb7 Rxb7 48. Qc6 Rab8 49. Rxa6 Bf8 50. Ra8 Kh7 51.
Rxb8 Rxb8 52. Rd1 Bh6 53. Bxh6 Kxh6 54. Qxd6 Qxd6 55. Rxd6 Rb1+ 56. Kh2 Kg5
57. Bf3 Re1 58. Rd1 Rxd1 59. Bxd1 Kf4 60. Bc2 f5 61. exf5 gxf5 62. Kg2 e4
63. Bd1 e3 64. f3 Ke5 65. Be2 Kd4 66. Kf1 Kc3 67. Ke1 f4 68. Ba6 Kc2 69.
Ke2 Kc3 70. Bb5 Kc2 71. Bd3+ Kc3 72. Bg6 Kd4 73. Bf7 Kc3 74. Be8 Kc2 75.
Bb5 Kc3 76. Bd3 Kd4 77. Bf5 Kc3 78. Kd1 Kb2 79. Bd3 Kc3 80. Ba6 Kb2 81. Bb5
Kc3 82. Kc1 Kb3 83. Kd1 Kb2 84. Ke2 Kc3 85. Ba6 Kc2 86. Bd3+ Kc3 87. Be4
Kd4 88. Kd1 Kc3 89. Bg6 Kb2 90. Be8 Kc3 91. Bb5 Kb2 1/2-1/2

[Event "TCh-FRA Top 16"]
[Site "Asnieres sur Seine FRA"]
[Date "2006.05.05"]
[Round "9"]
[White "Nijboer,F"]
[Black "Govciyan,P"]
[Result "1-0"]
[WhiteElo "2571"]
[BlackElo "2368"]
[EventDate "2006.03.03"]

1. e4 e5 2. Nf3 Nc6 3. Bb5 g6 4. d4 exd4 5. Bg5 Be7 6. Bxe7 Qxe7 7. O-O Nf6
8. Re1 O-O 9. Bxc6 dxc6 10. Qxd4 Bg4 11. Qe5 Rfe8 12. Qxe7 Rxe7 13. Nfd2
Rd8 14. f3 Bc8 15. Nf1 Nh5 16. Nc3 Nf4 17. Rad1 Rde8 18. Kf2 Kg7 19. Re3 h5
20. h4 f6 21. Ne2 Ne6 22. Red3 Nc5 23. Rd8 Nd7 24. Rxe8 Rxe8 25. Ne3 Ne5
26. Nf4 Kf7 27. a3 Ke7 28. Nd3 Nf7 29. b4 Rd8 30. Nf4 Ne5 31. Rxd8 Kxd8 32.
Ke2 b6 33. Kd2 Ba6 34. Nd3 Nd7 35. c4 Ke7 36. Kc3 Kd6 37. g4 Ke7 38. gxh5
gxh5 39. Nf5+ Kf7 40. Ng3 Kg6 41. Kd4 Bb7 42. f4 a5 43. e5 axb4 44. axb4
c5+ 45. bxc5 bxc5+ 46. Nxc5 fxe5+ 47. fxe5 Nxc5 48. Kxc5 Bf3 49. Kd4 Kf7
50. Ne4 Ke7 51. Ke3 Bd1 52. Nc3 Bb3 53. c5 Ke6 54. Kf4 Bc4 55. Ne4 Be2 56.
Ng5+ Ke7 57. Nf3 Bd1 58. Nd4 Bg4 59. Ke4 Bh3 60. Nf5+ Kf7 61. Kf4 Bg2 62.
Nd4 Kg6 63. Nb5 c6 64. Nd4 Bd5 65. Nf5 Kf7 66. Ng3 Kg6 67. Ne2 Bc4 68. Nd4
Bd5 69. Ke3 Kf7 70. Kd3 Ke7 71. Kd2 Bg2 72. Ke3 Kf7 73. Ne2 Bh3 74. Nf4 Bg4
75. Kd4 Ke7 76. Kc3 Kd7 77. Kb4 Bf3 78. Ka5 Kc7 79. Ne6+ Kb7 80. Ng5 Bd5
81. Kb4 Kc7 82. Kc3 Kd7 83. Kd4 Ke7 84. Ke3 Bg2 85. Kf4 Bd5 86. Kf5 Bc4 87.
Nf3 Bd3+ 88. Kg5 Ke6 89. Kxh5 Kf5 90. Kh6 Be4 91. Ng5 Bd5 92. e6 Kf6 93.
Kh7 Bxe6 94. Nxe6 Kxe6 95. Kg6 1-0

[Event "TCh-FRA Top 16"]
[Site "Asnieres sur Seine FRA"]
[Date "2006.05.05"]
[Round "9"]
[White "Bouchet,N"]
[Black "Nezar,M"]
[Result "1-0"]
[WhiteElo "2307"]
[BlackElo "2394"]
[EventDate "2006.03.03"]

1. e4 e6 2. d4 d5 3. Nd2 a6 4. Ngf3 Nf6 5. Bd3 c5 6. exd5 Nxd5 7. dxc5 Bxc5
8. Ne4 Be7 9. a3 Qc7 10. O-O Nf4 11. Re1 O-O 12. Be3 Rd8 13. Qd2 Nxd3 14.
cxd3 Nc6 15. d4 Bd7 16. Rac1 Be8 17. b4 b6 18. Qa2 Qb7 19. Nc3 Na7 20. d5
exd5 21. Bxb6 Qxb6 22. Rxe7 d4 23. Nd5 Qd6 24. Nxd4 Rd7 25. Rce1 Rxe7 26.
Nxe7+ Kh8 27. Ndf5 Qf6 28. Qd5 Nc6 29. h3 Rd8 30. Qc5 h6 31. Re3 Nxe7 32.
Nxe7 Bb5 33. Rg3 Re8 34. Re3 Rd8 35. Rg3 Rd1+ 36. Kh2 Rd8 37. Nf5 Rg8 38.
Rf3 Bc6 39. Rg3 Bd7 40. Rf3 Bc6 41. Rg3 Bd7 42. Nd6 Be6 43. a4 Qf4 44. b5
axb5 45. axb5 Rd8 46. Qc3 f6 47. Qc7 1-0

[Event "TCh-FRA Top 16"]
[Site "Asnieres sur Seine FRA"]
[Date "2006.05.05"]
[Round "9"]
[White "Collas,D"]
[Black "Dourerassou,J"]
[Result "1/2-1/2"]
[WhiteElo "2443"]
[BlackElo "2354"]
[EventDate "2006.03.03"]

1. Nf3 Nf6 2. c4 c5 3. Nc3 d5 4. cxd5 Nxd5 5. e4 Nb4 6. Bb5+ N8c6 7. d4
cxd4 8. a3 Bd7 9. axb4 dxc3 10. bxc3 g6 11. O-O Bg7 12. Ra3 a6 13. Be2 Bg4
14. Be3 O-O 15. h3 Bxf3 16. Bxf3 Qc7 17. Qb3 Ne5 18. Be2 Rac8 19. Bd4 Nc4
20. Ra2 Rfd8 21. Rd1 Nd6 22. Qb1 Qc6 23. e5 Nc4 24. f4 g5 25. Bf3 Qc7 26.
g3 e6 27. Qe4 Rd7 28. Kh2 Rcd8 29. Re1 Nb6 30. fxg5 Nd5 31. Rc2 Ne7 32. Bg4
Nc6 33. Be2 Nxe5 34. Bxa6 Ng6 35. Bxg7 Kxg7 36. Bf1 Rd5 37. Qg4 Rd2+ 38.
Re2 R2d3 39. Bg2 Rxc3 40. Rxc3 Qxc3 41. Bxb7 Rd4 42. Qf3 Qxf3 43. Bxf3 Rxb4
44. h4 Ne7 45. g4 Rb3 46. Be4 Rb5 47. Kg3 Re5 48. Bf3 Ra5 49. Be4 Nc8 50.
Rd2 Nb6 51. Rd4 Rc5 52. Rb4 Rc3+ 53. Kf4 Nd7 54. h5 e5+ 55. Kf5 Rc1 56. Rb1
Rc4 57. Rd1 Rd4 58. Rf1 Nc5 59. Re1 Nd7 60. Rf1 Nc5 61. Re1 Nd7 1/2-1/2

[Event "TCh-FRA Top 16"]
[Site "Asnieres sur Seine FRA"]
[Date "2006.05.05"]
[Round "9"]
[White "Brih,S"]
[Black "Marzolo,C"]
[Result "0-1"]
[WhiteElo "2224"]
[BlackElo "2393"]
[EventDate "2006.03.03"]

1. e4 c5 2. d3 Nc6 3. g3 g6 4. Bg2 Bg7 5. f4 d6 6. Nf3 Nf6 7. O-O O-O 8. h3
Nd4 9. Nc3 Rb8 10. Be3 b5 11. Rb1 b4 12. Ne2 Qa5 13. Qd2 e6 14. b3 Bb7 15.
g4 Qxa2 16. f5 exf5 17. gxf5 Qa5 18. Nh2 Nc6 19. Ng4 Nxg4 20. hxg4 Rfe8 21.
Bh6 Qd8 22. Rf3 Ne5 23. Rh3 Bh8 24. Qf4 f6 25. g5 fxg5 26. Bxg5 Qd7 27. Ng3
Rf8 28. Rf1 Rf7 0-1

[Event "TCh-FRA Top 16"]
[Site "Asnieres sur Seine FRA"]
[Date "2006.05.05"]
[Round "9"]
[White "Taddei,B"]
[Black "Parmentier,X"]
[Result "1/2-1/2"]
[WhiteElo "2266"]
[BlackElo "2299"]
[EventDate "2006.03.03"]

1. e4 e5 2. f4 exf4 3. Nf3 Ne7 4. d4 d5 5. Bd3 dxe4 6. Bxe4 Nd5 7. O-O Be7
8. Nc3 Ne3 9. Bxe3 fxe3 10. Ne5 Bf6 11. Nd5 Bxe5 12. dxe5 Be6 13. Qf3 e2
14. Rf2 Nc6 15. Nf4 O-O 16. Qxe2 Qg5 17. Bxc6 bxc6 18. Nxe6 fxe6 19. Raf1
Rxf2 20. Qxf2 h6 21. Qf7+ Kh7 22. Qxe6 Qe3+ 23. Kh1 Rf8 24. Qc4 Rxf1+ 25.
Qxf1 Qxe5 26. b3 Qe4 27. Qd1 Kg6 28. h3 c5 29. Qd7 Qe1+ 30. Kh2 Qe5+ 31.
Kh1 Qe1+ 1/2-1/2

[Event "TCh-FRA Top 16"]
[Site "Asnieres sur Seine FRA"]
[Date "2006.05.05"]
[Round "9"]
[White "Romieux,S"]
[Black "Spielmann,Al"]
[Result "1-0"]
[WhiteElo "2221"]
[BlackElo "2284"]
[EventDate "2006.03.03"]

1. e4 c6 2. d4 d5 3. Nc3 dxe4 4. Nxe4 Nf6 5. Nxf6+ gxf6 6. c3 Bf5 7. Nf3 e6
8. g3 Be4 9. Bg2 Be7 10. O-O h5 11. h4 Nd7 12. Re1 f5 13. Bf1 Rg8 14. Ng5
Bxg5 15. Bxg5 Rxg5 16. hxg5 Qxg5 17. Qc1 Qg6 18. Qf4 Nf6 19. c4 h4 20. Qxh4
O-O-O 21. Bg2 Ng4 22. f3 Qg7 23. Rad1 Rh8 24. Qe7 Qh6 25. Rxe4 Qh2+ 26. Kf1
Qxg3 27. fxg4 fxe4 28. Qxf7 Qxg4 29. Re1 Rh5 30. Kg1 Rg5 31. Qf2 Rf5 32.
Qe3 Rf4 33. Rf1 Rf3 34. Qe2 Rxf1+ 35. Kxf1 Qf4+ 36. Kg1 e3 37. d5 exd5 38.
cxd5 cxd5 39. Bxd5 Qg3+ 40. Kf1 b6 41. Qf3 Qe5 42. Bb7+ Kb8 43. Ba6 Kc7 44.
Qb7+ Kd8 45. Qa8+ Ke7 46. Qxa7+ Kf8 47. Qxb6 Qf4+ 48. Ke2 Qf2+ 49. Kd3 Qd2+
50. Ke4 Qg2+ 51. Kd4 Qd2+ 52. Ke5 Qh2+ 53. Kd5 Qg2+ 54. Kc5 Qf2 55. Qh6+
Ke7 56. Qd6+ Kf7 57. Bc4+ Kg7 58. Qd4+ Kh6 59. b4 Qf3 60. b5 Kg5 61. Qd5+
1-0

[Event "TCh-FRA Top 16"]
[Site "Asnieres sur Seine FRA"]
[Date "2006.05.05"]
[Round "9"]
[White "Franc,N"]
[Black "Delorme,L"]
[Result "1-0"]
[WhiteElo "2036"]
[BlackElo "2064"]
[EventDate "2006.03.03"]

1. e4 e5 2. Nf3 Nc6 3. Bb5 a6 4. Ba4 Nf6 5. O-O Nxe4 6. Re1 Nc5 7. Bxc6
dxc6 8. Nxe5 Be7 9. d3 O-O 10. Nd2 Ne6 11. Nf1 c5 12. Ng3 Nd4 13. a4 Be6
14. Be3 Bf6 15. Bf4 b6 16. Ne4 Be7 17. h3 Bd5 18. Rc1 f6 19. Nc4 Ne6 20.
Bd2 Qd7 21. Ne3 Bxe4 22. dxe4 Qxa4 23. Nf5 Rf7 24. Qg4 Kf8 25. Nh6 f5 26.
exf5 Qxg4 27. hxg4 gxh6 28. Rxe6 h5 29. Bh6+ Ke8 30. Rce1 Kd7 31. gxh5 Rg8
32. f3 Bf6 33. c3 Bh4 34. Rd1+ Kc8 35. Re4 Be7 36. g4 Bd6 37. Kf2 b5 38.
Be3 a5 39. Rd5 Be7 40. Bxc5 c6 41. Rde5 Bf6 42. Re6 Kd7 43. Rd6+ Kc7 44.
Ree6 Bh4+ 45. Ke3 Be7 46. Rxc6+ Kd7 47. Bxe7 Rxe7 48. Rxe7+ Kxe7 49. Rb6
1-0

[Event "TCh-FRA Top 16"]
[Site "Asnieres sur Seine FRA"]
[Date "2006.05.05"]
[Round "9"]
[White "Tkachiev,V"]
[Black "Guidarelli,L"]
[Result "1/2-1/2"]
[WhiteElo "2642"]
[BlackElo "2462"]
[EventDate "2006.03.03"]

1. d4 d5 2. c4 c6 3. Nf3 Nf6 4. e3 Bf5 5. Nc3 e6 6. Nh4 Be4 7. f3 Bg6 8.
Qb3 Qc7 9. Bd2 Nbd7 10. cxd5 Nxd5 11. e4 Nxc3 12. bxc3 Be7 13. Nxg6 hxg6
14. g3 Rxh2 15. Rxh2 Qxg3+ 16. Rf2 Bh4 17. O-O-O Qxf2 18. Qxb7 Rb8 19. Qxc6
Qxf3 20. Bb5 Rxb5 21. Qxb5 Qxe4 22. Qa6 Nb6 23. Qxa7 Qc6 24. Rf1 f5 25.
Qxg7 Qg2 26. Qg8+ Kd7 27. Qf7+ Kd8 28. Rd1 Nc4 29. Qg8+ Kd7 30. Qh7+ Be7
31. Qh1 Ba3+ 32. Kc2 Qe2 33. Kb3 Nxd2+ 34. Kxa3 Nc4+ 35. Kb3 Na5+ 36. Kb4
Qc4+ 37. Kxa5 Qxc3+ 38. Ka4 Qc4+ 39. Ka5 Qc3+ 1/2-1/2

[Event "TCh-FRA Top 16"]
[Site "Asnieres sur Seine FRA"]
[Date "2006.05.05"]
[Round "9"]
[White "Boudre,JP"]
[Black "Kazhgaleyev,M"]
[Result "0-1"]
[WhiteElo "2334"]
[BlackElo "2607"]
[EventDate "2006.03.03"]

1. e4 c5 2. Nf3 e6 3. d4 cxd4 4. Nxd4 a6 5. Nc3 b5 6. Bd3 d6 7. O-O Nf6 8.
Qe2 Be7 9. f4 Bb7 10. Kh1 O-O 11. Bd2 Nbd7 12. e5 Ne8 13. f5 Nxe5 14. fxe6
Nf6 15. exf7+ Rxf7 16. Bf5 Bc8 17. Ne4 h6 18. Rad1 Bf8 19. Nxf6+ Rxf6 20.
Qe4 Bxf5 21. Nxf5 Rc8 22. Bc3 Qc7 23. Ne3 Qc6 24. Nd5 Rxf1+ 25. Rxf1 Qc4
26. Qf5 Re8 27. Ne3 Qe6 28. Qxe6+ Rxe6 29. Nd5 Nc4 30. b3 Ne3 31. Nxe3 Rxe3
32. Bd2 Re2 33. Rd1 d5 34. h3 g5 35. Kh2 Bd6+ 36. Kg1 Bc5+ 37. Kh2 Kf7 38.
Kg3 Kg6 39. Kf3 Rf2+ 40. Kg3 h5 41. b4 h4+ 42. Kh2 Ba7 43. c3 Re2 44. a3
Bf2 45. Kh1 Kh5 46. Kh2 g4 47. hxg4+ Kxg4 48. Bh6 Ra2 49. Bg7 Rxa3 50. Bd4
Bg3+ 51. Kg1 Ra2 52. Kf1 Bf4 53. Bf2 Bd2 54. Be1 Bxe1 55. Rxe1 Kf4 56. Re6
Ra3 57. Rf6+ Ke4 58. Rh6 Ke3 59. Kg1 Rxc3 60. Rxh4 d4 61. Rh6 Rc1+ 0-1

[Event "TCh-FRA Top 16"]
[Site "Asnieres sur Seine FRA"]
[Date "2006.05.05"]
[Round "9"]
[White "Palac,M"]
[Black "Meynard,T"]
[Result "1/2-1/2"]
[WhiteElo "2561"]
[BlackElo "2234"]
[EventDate "2006.03.03"]

1. e4 c5 2. Nf3 Nc6 3. Bb5 e6 4. Bxc6 bxc6 5. b3 d5 6. d3 Nf6 7. Qe2 Be7 8.
O-O O-O 9. c4 Qc7 10. Bg5 Nh5 11. Bxe7 Qxe7 12. e5 f5 13. Nc3 Bd7 14. Na4
Be8 15. Qe3 d4 16. Qg5 Qf7 17. Nxc5 h6 18. Qh4 g5 19. Qxd4 Nf4 20. Qe3 Qh5
21. Nd4 Nxg2 22. Kxg2 f4 23. Qh3 f3+ 24. Kg3 Rf4 25. Qxh5 Bxh5 26. Ndxe6
Rh4 27. h3 1/2-1/2

[Event "TCh-FRA Top 16"]
[Site "Asnieres sur Seine FRA"]
[Date "2006.05.05"]
[Round "9"]
[White "Duquesnoy,JP"]
[Black "Fontaine,R"]
[Result "0-1"]
[WhiteElo "2242"]
[BlackElo "2524"]
[EventDate "2006.03.03"]

1. d4 d5 2. Nf3 Nf6 3. c4 c6 4. Nc3 dxc4 5. a4 Bg4 6. Ne5 Bh5 7. h3 Na6 8.
g4 Bg6 9. Bg2 Nb4 10. O-O Bc2 11. Qd2 Bb3 12. Ne4 Nc2 13. Nc5 Rc8 14. Rb1
e6 15. Nxb7 Qb6 16. Na5 Bb4 17. Nexc4 Qxd4 18. Qxd4 Nxd4 19. Bd2 Bxd2 20.
Nd6+ Ke7 21. Nxc8+ Rxc8 22. e3 Ne2+ 23. Kh2 Nf4 24. Nxc6+ Rxc6 25. Bxc6
N4d5 26. Bb5 a5 27. Kg2 Nb6 28. Ra1 Ne4 29. Kf3 Nc5 30. Ke2 Bb4 31. Rfc1
Bd5 32. Rxc5 Bxc5 33. Rc1 Bd6 34. f4 Bb3 35. Rc6 Nxa4 36. Ra6 Bc7 37. Ra7
Kd6 38. e4 Nxb2 39. Be8 Bb6 40. Rd7+ Kc5 41. Rxf7 e5 42. Rxg7 exf4 43. Rxh7
a4 44. Bxa4 Bxa4 45. g5 Bd1+ 46. Kf1 Nd3 47. Rf7 f3 48. g6 Be2+ 49. Kg1
Kd6+ 50. Kh2 Ke6 51. e5 f2 52. Rf6+ Kxe5 0-1

[Event "TCh-FRA Top 16"]
[Site "Asnieres sur Seine FRA"]
[Date "2006.05.05"]
[Round "9"]
[White "Cornette,M"]
[Black "Salus,S"]
[Result "1-0"]
[WhiteElo "2388"]
[BlackElo "2184"]
[EventDate "2006.03.03"]

1. e4 g6 2. d4 d6 3. Nc3 Bg7 4. Be3 a6 5. f4 b5 6. Bd3 Bb7 7. Nf3 Nd7 8. e5
e6 9. a4 b4 10. Ne4 Nh6 11. exd6 Nf5 12. dxc7 Qxc7 13. Qd2 Nxe3 14. Qxe3
O-O 15. O-O Nb6 16. g3 Nc4 17. Bxc4 Bxe4 18. Qxe4 Qxc4 19. Ne5 Qc7 20. Rfc1
Rfd8 21. c4 bxc3 22. bxc3 f5 23. Qe2 Bxe5 24. fxe5 Qc6 25. Qg2 Rac8 26. a5
Rd5 27. Qd2 Qd7 28. Qe3 Qd8 29. h4 Rxa5 30. h5 Kg7 31. Rcb1 Rb5 32. Rxb5
axb5 33. Ra7+ Rc7 34. d5 exd5 35. Qb6 1-0

[Event "TCh-FRA Top 16"]
[Site "Asnieres sur Seine FRA"]
[Date "2006.05.05"]
[Round "9"]
[White "Pieroni,G"]
[Black "Anic,D"]
[Result "0-1"]
[WhiteElo "2158"]
[BlackElo "2467"]
[EventDate "2006.03.03"]

1. e4 e5 2. d4 exd4 3. Qxd4 Nc6 4. Qe3 Bb4+ 5. Nc3 Nf6 6. Bd2 O-O 7. O-O-O
Re8 8. Bc4 Bxc3 9. Bxc3 Nxe4 10. Qf4 Nf6 11. Nf3 d6 12. Ng5 Be6 13. Nxe6
fxe6 14. Rhe1 d5 15. Bb5 Qd6 16. Qh4 Rf8 17. Re3 Rf7 18. Rde1 d4 19. Rxe6
Qc5 20. Bxc6 dxc3 21. b4 Qf8 22. Bf3 a5 23. Kb1 axb4 24. Qc4 c6 25. Re7 Re8
26. Rxe8 Nxe8 27. Rd1 Qe7 28. a3 bxa3 29. Qxc3 Nc7 30. Qb3 Ne8 31. Ka2 g6
32. Qxa3 Qe5 33. Qe3 Qxe3 34. fxe3 Kf8 35. Rd4 Ke7 36. Kb3 Nd6 37. c4 Rf5
38. Rh4 h5 39. Kc3 Re5 40. Kd3 Rxe3+ 41. Kxe3 Nf5+ 42. Kd3 Nxh4 43. Be4 Kd6
44. g3 Nf5 45. Bg2 Ke5 46. Bf3 h4 47. gxh4 Nxh4 48. Bg4 Nf5 49. h3 c5 50.
Kc3 Ke4 51. Be2 g5 52. Bg4 Nd4 53. Bd7 Ke3 54. Bc8 b6 55. Bd7 Ne2+ 56. Kb3
Kd4 57. Ka4 Nc3+ 58. Kb3 Ne4 59. Be6 Nd2+ 60. Ka4 Nxc4 61. Kb5 Ne3 0-1

[Event "TCh-FRA Top 16"]
[Site "Asnieres sur Seine FRA"]
[Date "2006.05.05"]
[Round "9"]
[White "Leconte,M"]
[Black "Barret,S"]
[Result "0-1"]
[WhiteElo "2332"]
[BlackElo "2097"]
[EventDate "2006.03.03"]

1. e4 c5 2. Nf3 d6 3. d4 cxd4 4. Nxd4 Nf6 5. Nc3 a6 6. g3 e5 7. Nb3 Be7 8.
Bg2 Be6 9. O-O O-O 10. Re1 b5 11. Nd5 a5 12. a4 b4 13. Bd2 Nxd5 14. exd5
Bd7 15. c3 Qe8 16. Nc1 bxc3 17. Bxc3 f5 18. Qd2 f4 19. Bxe5 dxe5 20. d6 Nc6
21. dxe7 Qxe7 22. gxf4 Rad8 23. Qc3 Qf6 24. fxe5 Qxf2+ 25. Kh1 Nb4 26. Qc4+
Kh8 27. Ne2 Rc8 28. Qd4 Nc2 29. Qxf2 Rxf2 30. Kg1 Rxe2 31. Rxe2 Nxa1 32. e6
Bxa4 33. e7 g6 34. Bd5 Kg7 35. Rf2 Rc1+ 36. Kg2 Rc2 37. Rxc2 Nxc2 38. Bb3
Bc6+ 0-1

[Event "TCh-FRA Top 16"]
[Site "Asnieres sur Seine FRA"]
[Date "2006.05.05"]
[Round "9"]
[White "Bissieres,M"]
[Black "Sighirdjian,EM"]
[Result "1-0"]
[WhiteElo "2206"]
[BlackElo "2182"]
[EventDate "2006.03.03"]

1. e4 c5 2. Na3 Nc6 3. Bb5 Qc7 4. Nf3 a6 5. Bxc6 Qxc6 6. d3 d6 7. h3 g6 8.
O-O Bg7 9. Re1 e5 10. Bg5 f6 11. Be3 Nh6 12. c3 O-O 13. d4 Nf7 14. dxc5
dxc5 15. Qd5 Qxd5 16. exd5 Rd8 17. Nc4 Bf8 18. Nb6 Rb8 19. Nd2 Bf5 20. c4
Nd6 21. a4 Nc8 22. Nxc8 Rbxc8 23. a5 Bd7 24. f4 Re8 25. fxe5 Rxe5 26. Bf4
Rxe1+ 27. Rxe1 Kf7 28. Re3 Rd8 29. Rb3 Bc8 30. Rb6 Rd7 31. Ne4 g5 1-0

[Event "TCh-FRA Top 16"]
[Site "Asnieres sur Seine FRA"]
[Date "2006.05.07"]
[Round "11"]
[White "Nataf,IA"]
[Black "Marciano,D"]
[Result "1-0"]
[WhiteElo "2553"]
[BlackElo "2513"]
[EventDate "2006.03.03"]

1. e4 c5 2. Nf3 e6 3. d4 cxd4 4. Nxd4 Nc6 5. Nc3 Qc7 6. Be2 a6 7. O-O b5 8.
Nxc6 dxc6 9. f4 Bb7 10. Qe1 b4 11. Nb1 Nf6 12. Nd2 c5 13. Bd3 Be7 14. b3 h5
15. Nc4 h4 16. Bb2 h3 17. g3 Ng4 18. Bxg7 Rh7 19. Be5 Nxe5 20. fxe5 O-O-O
21. Qe2 Kb8 22. Rf3 Rd4 23. Raf1 Rxc4 24. bxc4 Bg5 25. Kh1 Bc6 26. R3f2 Be8
27. Qg4 Qxe5 28. Rf5 exf5 29. Qxg5 Bc6 30. Qg8+ Ka7 31. Qxh7 Bxe4+ 32. Kg1
Bxd3 33. cxd3 Qe3+ 34. Kh1 Qe2 35. Qxh3 Kb8 36. Qh7 Qe5 1-0

[Event "TCh-FRA Top 16"]
[Site "Asnieres sur Seine FRA"]
[Date "2006.05.07"]
[Round "11"]
[White "Almasi,Z"]
[Black "Adams,Mi"]
[Result "1/2-1/2"]
[WhiteElo "2646"]
[BlackElo "2707"]
[EventDate "2006.03.03"]

1. e4 e5 2. Nf3 Nc6 3. Bb5 a6 4. Ba4 Nf6 5. O-O Be7 6. Re1 d6 7. c3 Bg4 8.
h3 Bh5 9. d3 Nd7 10. Be3 h6 11. Nbd2 Bg5 12. Nf1 Bxe3 13. Rxe3 O-O 14. Ng3
Bg6 15. d4 b5 16. Bb3 Na5 17. dxe5 Nxe5 18. Nxe5 dxe5 19. Rd3 Qg5 20. Qg4
Rfd8 21. Qxg5 hxg5 22. Rad1 Rxd3 23. Rxd3 Kf8 24. Rd7 1/2-1/2

[Event "TCh-FRA Top 16"]
[Site "Asnieres sur Seine FRA"]
[Date "2006.05.07"]
[Round "11"]
[White "Miralles,G"]
[Black "Collas,S"]
[Result "1-0"]
[WhiteElo "2485"]
[BlackElo "2398"]
[EventDate "2006.03.03"]

1. d4 Nf6 2. c4 e6 3. Nf3 b6 4. a3 Ba6 5. Qc2 c5 6. e4 cxd4 7. e5 Ng8 8.
Bd3 Qc7 9. O-O Ne7 10. Re1 Ng6 11. Nxd4 Nc6 12. Nxc6 dxc6 13. Bxg6 hxg6 14.
b4 Rd8 15. Nd2 Be7 16. Bb2 Kf8 17. Ne4 c5 18. Red1 Rxd1+ 19. Rxd1 cxb4 20.
Qa4 Bc8 21. axb4 Rh4 22. Nd6 Bd7 23. b5 a5 24. g3 Rh5 25. Qb3 f6 26. Qf3
Kg8 27. Qa8+ Kh7 28. exf6 Bxd6 29. fxg7 Qb8 30. Qxb8 Bxb8 31. Rxd7 Be5 32.
Bxe5 Rxe5 33. Rb7 Rc5 34. Rxb6 Rxc4 35. Ra6 a4 36. Rxe6 Rb4 37. Ra6 Kxg7
38. b6 a3 39. Rxa3 Rxb6 40. Ra5 Kh6 41. h4 Rb4 42. Kg2 Rc4 43. Kh3 1-0

[Event "TCh-FRA Top 16"]
[Site "Asnieres sur Seine FRA"]
[Date "2006.05.07"]
[Round "11"]
[White "Fressinet,L"]
[Black "Renet,O"]
[Result "1/2-1/2"]
[WhiteElo "2625"]
[BlackElo "2494"]
[EventDate "2006.03.03"]

1. e4 c5 2. Nf3 d6 3. d4 cxd4 4. Nxd4 Nf6 5. Nc3 a6 6. g3 e6 7. Bg2 Be7 8.
O-O Qc7 9. Be3 Nbd7 10. f4 Nb6 11. Kh1 Bd7 12. Qe2 Nc4 13. Bc1 Rc8 14. b3
Na5 15. Bb2 Nc6 16. Nf3 O-O 17. Rad1 Rcd8 18. Rfe1 Bc8 19. Nd5 exd5 20.
exd5 Nb4 21. c4 Ng4 22. h3 Nh6 23. a3 Nxd5 24. cxd5 Rde8 25. g4 Qd8 26. Qf2
Kh8 27. Bd4 Ng8 28. Bb6 Qd7 29. Nd4 Bd8 30. Nf5 Ne7 31. Ng3 Bxb6 32. Qxb6
Ng6 33. Nf5 Qd8 34. Qxd6 Bxf5 35. Qxd8 Rxe1+ 36. Rxe1 Rxd8 37. gxf5 Nxf4
38. d6 Nxg2 39. Kxg2 Kg8 40. Kf3 Kf8 41. Rd1 Ke8 42. Ke4 Kd7 43. Kd5 Rc8
44. Re1 Re8 45. Rg1 g6 46. fxg6 hxg6 47. Rc1 Rc8 48. Rf1 f5 49. Rg1 Rc3 50.
Rxg6 Rd3+ 51. Ke5 Re3+ 52. Kxf5 Rxh3 53. Rg7+ Kxd6 54. Rxb7 Kc6 55. Rb8 Kc7
56. Rb4 a5 57. Rc4+ 1/2-1/2

[Event "TCh-FRA Top 16"]
[Site "Asnieres sur Seine FRA"]
[Date "2006.05.07"]
[Round "11"]
[White "Skripchenko,A"]
[Black "Lautier,J"]
[Result "0-1"]
[WhiteElo "2461"]
[BlackElo "2682"]
[EventDate "2006.03.03"]

1. e4 c5 2. Nf3 e6 3. c3 Nf6 4. e5 Nd5 5. d4 cxd4 6. cxd4 d6 7. a3 Nc6 8.
Bd3 dxe5 9. dxe5 g6 10. O-O Bg7 11. Qe2 O-O 12. Bd2 Nce7 13. h4 Nf5 14.
Bxf5 exf5 15. Nc3 Be6 16. Rfd1 Qb6 17. Nxd5 Bxd5 18. Bb4 Rfd8 19. Bd6 Bb3
20. Rd4 a5 21. Rc1 Rdc8 22. Qe3 Be6 23. b4 axb4 24. axb4 h6 25. Bc5 Qc6 26.
Rcd1 Re8 27. Qd3 Qa4 28. Qd2 Qb5 29. Qf4 b6 30. Bd6 Rac8 31. R4d3 Rc4 32.
Nd4 Qd5 33. Qg3 Qb7 34. f4 h5 35. Nf3 Bh6 36. Ng5 Rc2 37. b5 Bc4 38. Rc3
Rxc3 39. Qxc3 Bxb5 40. Qb3 Bc6 41. Rd2 Bxg5 42. hxg5 Bd7 43. e6 Bxe6 44.
Qb2 Qe4 45. Re2 Qd3 46. Bb4 Rc8 47. Rxe6 fxe6 48. Qf6 Qe3+ 0-1

[Event "TCh-FRA Top 16"]
[Site "Asnieres sur Seine FRA"]
[Date "2006.05.07"]
[Round "11"]
[White "Krasenkow,M"]
[Black "Bacrot,E"]
[Result "1/2-1/2"]
[WhiteElo "2636"]
[BlackElo "2717"]
[EventDate "2006.03.03"]

1. d4 d5 2. Nf3 Nf6 3. c4 c6 4. Nc3 a6 5. c5 Nbd7 6. Bf4 Nh5 7. Bd2 Nhf6 8.
Qc2 g6 9. e4 dxe4 10. Nxe4 Nxe4 11. Qxe4 Nf6 12. Qc2 Be6 13. Be2 Bg7 14.
O-O O-O 15. Rad1 Bd5 16. Ne5 Nd7 17. f4 b6 18. Bc3 bxc5 19. Nxd7 Qxd7 20.
dxc5 Qe6 21. Bxg7 Kxg7 22. Qc3+ Qf6 23. Rd4 Bxa2 24. Ra1 Bd5 25. Rxa6 Rxa6
26. Bxa6 Ra8 27. Bf1 h6 28. b4 Ra3 29. Qd2 e6 30. h3 h5 31. Bc4 Ra1+ 32.
Kh2 Rb1 33. Bxd5 exd5 34. Qd3 Qf5 35. Qxf5 gxf5 36. Kg3 Kf6 37. Kh4 Kg6 38.
Kg3 Rb2 39. Kf3 Kf6 40. Ke3 Ke6 41. h4 Rxg2 42. b5 cxb5 43. Rb4 Rg3+ 44.
Ke2 Rc3 45. Rxb5 d4 46. c6 f6 47. Rb7 Rxc6 48. Kd3 Rc3+ 49. Kxd4 Rf3 50.
Rh7 Rxf4+ 51. Ke3 Rxh4 52. Kf3 f4 53. Ke4 f5+ 54. Kf3 Kf6 55. Rh8 Kg7 56.
Ra8 Rg4 57. Ra5 Kf6 58. Ra8 Kg5 59. Rg8+ Kh4 60. Rf8 Kg5 61. Rg8+ Kf6 62.
Ra8 h4 63. Rh8 Ke5 64. Re8+ Kd4 65. Rd8+ Kc3 66. Rc8+ Kd2 67. Rd8+ Ke1 68.
Re8+ Kf1 69. Re1+ 1/2-1/2

[Event "TCh-FRA Top 16"]
[Site "Asnieres sur Seine FRA"]
[Date "2006.05.07"]
[Round "11"]
[White "Grischuk,A"]
[Black "Ivanchuk,V"]
[Result "1/2-1/2"]
[WhiteElo "2717"]
[BlackElo "2729"]
[EventDate "2006.03.03"]

1. e4 c5 2. Nf3 Nc6 3. d4 cxd4 4. Nxd4 g6 5. Nc3 Bg7 6. Be3 Nf6 7. Bc4 Qa5
8. O-O O-O 9. Nb3 Qc7 10. Be2 d6 11. f4 b6 12. Bf3 Bb7 13. Qe1 Rac8 14. Rd1
Qb8 15. Qf2 Rfe8 16. h3 Ba8 17. Rfe1 b5 18. a3 a6 19. g4 Rcd8 20. Bb6 Rc8
21. Be3 Rcd8 22. Bb6 Nd7 23. Bxd8 Rxd8 24. Re2 e6 25. Bg2 Nb6 26. f5 Nc4
27. f6 Bf8 28. Nd2 N4e5 29. Na2 Rc8 30. Nc1 b4 31. a4 a5 32. Nd3 Bb7 33.
Ree1 Qc7 34. g5 h6 35. gxh6 Bxh6 36. Qh4 Bf8 37. Qf2 Qd8 38. Nb3 Ba6 39.
Re3 Bc4 40. Nxe5 Nxe5 41. Nd4 Rc5 1/2-1/2